| 000 | 00672nam a22002417a 4500 | ||
|---|---|---|---|
| 001 | sjds | ||
| 003 | sjds | ||
| 005 | 20240304203710.0 | ||
| 008 | 220614b mx ||||| |||| 00| 0 spa d | ||
| 020 | _a9706077405 | ||
| 020 | _a9789706077400 | ||
| 020 | _a9789686347555(series) | ||
| 040 | _csjds | ||
| 041 | _aspa | ||
| 100 | 1 | 0 | _aMathiaud, Evelyne |
| 245 | 1 | 0 |
_aYo aprendo la hora / _cEvelyne Mathiaud ; il. Gilbert Mas ; tr. Remedios MartÃnez G. |
| 260 |
_aMexico : _bMega Eds., _c1990 |
||
| 300 |
_a[12] p. : _bil. color ;. _c 21 cm |
||
| 440 | _aBiblioteca los conejitos | ||
| 700 | 1 | 0 | _aMas, Gilbert |
| 700 | 1 | 0 | _aMartinez Galan, Remedios |
| 942 |
_cBK _2ddc |
||
| 999 |
_c27073 _d27073 |
||